000
00305nam a22001337a 4500
008
181011b xxu||||| |||| 00| 0 eng d
020
_a
9781118344668
041
_a
eng
080
_a
371
100
_a
25
101
_a
EDU
245
_a
Optimizing Teaching and Learning
_c
Gurung, R.A.R
942
_2
udc
_c
BK
999
_c
49382
_d
49382